[Event "Arco op 45th"]
[Site "Arco"]
[Date "2023.10.10"]
[Round "4"]
[White "Di Lazzaro, Gabriele"]
[Black "Nardelli, Jacopo"]
[Result "1/2-1/2"]
[WhiteElo "1803"]
[BlackElo "1515"]
[PlyCount "49"]
[EventDate "2023.10.07"]
[EventType "swiss"]
[EventRounds "9"]
[EventCountry "ITA"]
[SourceTitle "Mega2024 Update 01"]
[Source "Chessbase"]
[SourceDate "2023.11.12"]
[SourceVersion "1"]
[SourceVersionDate "2023.11.12"]
[SourceQuality "1"]

1. e4 c5 2. d4 cxd4 3. Nf3 d6 4. Nxd4 Nf6 5. Nc3 a6 6. Bd3 Nbd7 7. Bg5 e6 8. Bh4 Be7 9. Bg3 Qc7 10. Nb3 b5 11. a3 Bb7 12. Qe2 Rc8 13. 0-0 0-0 14. Kh1 Qb6 15. Rad1 Rfd8 16. f4 Nc5 17. e5 Nfd7 18. Nxc5 Nxc5 19. Bf2 Qc6 20. Bxc5 Qxc5 21. exd6 Bxd6 22. Ne4 Qb6 23. Nxd6 Rxd6 24. f5 Rcd8 25. fxe6 1/2-1/2

[Event "Arco op 45th"]
[Site "Arco"]
[Date "2023.10.09"]
[Round "3"]
[White "Behling, Robert"]
[Black "Di Lazzaro, Gabriele"]
[Result "1-0"]
[WhiteElo "2005"]
[BlackElo "1803"]
[PlyCount "61"]
[EventDate "2023.10.07"]
[EventType "swiss"]
[EventRounds "9"]
[EventCountry "ITA"]
[SourceTitle "Mega2024 Update 01"]
[Source "Chessbase"]
[SourceDate "2023.11.12"]
[SourceVersion "1"]
[SourceVersionDate "2023.11.12"]
[SourceQuality "1"]

1. c4 e5 2. Nc3 Bb4 3. Qc2 Nf6 4. e3 0-0 5. Nge2 Re8 6. a3 Bf8 7. d4 exd4 8. Nxd4 c6 9. Bd3 h6 10. 0-0 d5 11. Rd1 Qd6 12. cxd5 Nxd5 13. Nxd5 Qxd5 14. b3 Qh5 15. Bb2 Nd7 16. Be2 Qg5 17. Rac1 Nc5 18. Nf3 Qf5 19. Nd4 Qxc2 20. Rxc2 Ne6 21. Bc4 Nxd4 22. Rxd4 Bf5 23. Rcd2 Bc5 24. Rf4 Rxe3 25. Rxf5 Re1+ 26. Bf1 Bb6 27. g3 Rae8 28. Kg2 Rb1 29. Bc4 Re7 30. Bc3 Rc1 31. Bb4 1-0

[Event "Rottach Egern Seniors Cup 10th"]
[Site "Rottach Egern"]
[Date "2022.04.01"]
[Round "7"]
[White "Di Lazzaro, Gabriele"]
[Black "Schwarz, Hans"]
[Result "1-0"]
[WhiteElo "1768"]
[BlackElo "1879"]
[PlyCount "99"]
[EventDate "2022.03.26"]
[EventType "swiss"]
[EventRounds "9"]
[EventCountry "GER"]
[SourceTitle "CBM 207 Extra"]
[Source "ChessBase"]
[SourceDate "2022.05.31"]
[SourceVersion "1"]
[SourceVersionDate "2022.05.31"]
[SourceQuality "1"]

1. e4 e6 2. d4 d5 3. Nc3 Bb4 4. exd5 exd5 5. Nf3 Nf6 6. Bd3 h6 7. 0-0 0-0 8. h3 Nc6 9. a3 Be7 10. Re1 Be6 11. Bf4 Bd6 12. Be5 Bxe5 13. dxe5 Nd7 14. Nb5 a6 15. Nbd4 Nxd4 16. Nxd4 Qg5 17. Nf3 Qe7 18. c3 c5 19. Bc2 Rfd8 20. Qe2 Nf8 21. Rad1 b5 22. b4 Rac8 23. Qd2 Qc7 24. Rc1 a5 25. Kh1 Qe7 26. Rb1 Qd7 27. Kg1 Qc6 28. Rbc1 Ra8 29. Kh2 axb4 30. axb4 Ra3 31. bxc5 Qxc5 32. Nd4 Rc8 33. Re3 g6 34. Ne2 Kg7 35. Rb1 Nd7 36. Bd3 Rb8 37. Qb2 Ra5 38. Qb4 Qc7 39. Qe7 Qc5 40. Qh4 Ra4 41. Nd4 Rb6 42. Qd8 Rxd4 43. cxd4 Qxd4 44. Rxb5 Rxb5 45. Bxb5 Qf4+ 46. Kg1 Nxe5 47. Bf1 d4 48. Ra3 Qc1 49. Ra8 f6 50. Qf8+ 1-0

[Event "Rottach Egern Seniors Cup 10th"]
[Site "Rottach Egern"]
[Date "2022.03.26"]
[Round "1"]
[White "Di Lazzaro, Gabriele"]
[Black "Basener, Winfried"]
[Result "0-1"]
[WhiteElo "1768"]
[BlackElo "2070"]
[PlyCount "116"]
[EventDate "2022.03.26"]
[EventType "swiss"]
[EventRounds "9"]
[EventCountry "GER"]
[SourceTitle "CBM 207 Extra"]
[Source "ChessBase"]
[SourceDate "2022.05.31"]
[SourceVersion "1"]
[SourceVersionDate "2022.05.31"]
[SourceQuality "1"]

1. e4 e6 2. d4 d5 3. Nc3 Bb4 4. exd5 exd5 5. a3 Be7 6. Nf3 Nf6 7. Be2 0-0 8. 0-0 c6 9. Ne5 Nbd7 10. Bf3 Re8 11. Re1 Nf8 12. Ne2 Ng6 13. Nxg6 hxg6 14. Ng3 Bd6 15. Bg5 Be6 16. c3 Qd7 17. Qd2 Qc7 18. Re2 Nh7 19. Be3 f5 20. Bg5 f4 21. Bh4 fxg3 22. hxg3 Bf7 23. Rae1 Rxe2 24. Rxe2 Re8 25. Rxe8+ Bxe8 26. Qe3 Bf7 27. g4 Nf6 28. g5 Nh7 29. Bg4 Bf4 30. Bg3 Bxe3 31. Bxc7 Bc1 32. Bb8 Bxb2 33. Bxa7 Bxa3 34. Bc8 Nxg5 35. f3 b5 36. Bd7 Bb2 37. Bxc6 Bxc3 38. Bxb5 Ne6 39. Kf1 Bxd4 40. Bb8 Bb6 41. Bd6 Bc5 42. Be5 Nd4 43. Ba4 Kf8 44. Ke1 Be8 45. Bxe8 Kxe8 46. Bxg7 Kf7 47. Be5 Ke6 48. Bg7 Nf5 49. Bb2 Nh4 50. Kf1 d4 51. Bc1 d3 52. Bg5 Be7 53. Bd2 Nf5 54. g4 Nd6 55. f4 Kd5 56. f5 g5 57. Bc1 Ne4 58. Be3 Bc5 0-1

[Event "Rottach Egern Seniors Cup 9th"]
[Site "Rottach Egern"]
[Date "2021.10.24"]
[Round "3"]
[White "Di Lazzaro, Gabriele"]
[Black "Beulertz, Stefan"]
[Result "0-1"]
[WhiteElo "1759"]
[BlackElo "1956"]
[PlyCount "50"]
[EventDate "2021.10.22"]
[EventType "swiss"]
[EventRounds "7"]
[EventCountry "GER"]
[SourceTitle "CBM 204 Extra"]
[Source "ChessBase"]
[SourceDate "2021.11.30"]
[SourceVersion "1"]
[SourceVersionDate "2021.11.30"]
[SourceQuality "1"]

1. e4 e6 2. d4 d5 3. Nc3 Nc6 4. Nf3 Nf6 5. e5 Ne4 6. Ne2 f6 7. exf6 Qxf6 8. Bf4 Bd6 9. Bxd6 cxd6 10. Ng3 0-0 11. Bd3 Ng5 12. Be2 Nxf3+ 13. gxf3 Nxd4 14. 0-0 Nxe2+ 15. Qxe2 Qxb2 16. Rab1 Qf6 17. Rb3 a6 18. Kh1 b5 19. Rg1 Qh4 20. Rd3 e5 21. Rc3 Ra7 22. Nf1 Raf7 23. Nd2 d4 24. Rb3 Bb7 25. Rg4 Qxg4 0-1

[Event "Rottach Egern Seniors Cup 9th"]
[Site "Rottach Egern"]
[Date "2021.10.22"]
[Round "1"]
[White "Di Lazzaro, Gabriele"]
[Black "Kuempers, Ulrich"]
[Result "1/2-1/2"]
[WhiteElo "1759"]
[BlackElo "2084"]
[PlyCount "41"]
[EventDate "2021.10.22"]
[EventType "swiss"]
[EventRounds "7"]
[EventCountry "GER"]
[SourceTitle "CBM 204 Extra"]
[Source "ChessBase"]
[SourceDate "2021.11.30"]
[SourceVersion "1"]
[SourceVersionDate "2021.11.30"]
[SourceQuality "1"]

1. e4 c6 2. Nc3 d5 3. Nf3 Bg4 4. exd5 cxd5 5. Bb5+ Nc6 6. d4 e6 7. 0-0 Nf6 8. h3 Bh5 9. Qd3 Bd6 10. Ne5 Qc7 11. Re1 0-0 12. Bxc6 bxc6 13. Bg5 Rab8 14. Rab1 c5 15. Bf4 cxd4 16. Nb5 Rxb5 17. Qxb5 Ne4 18. f3 Nc5 19. Nd3 Bxf4 20. Nxf4 Qxf4 21. Qxc5 1/2-1/2

[Event "Arco op 41st"]
[Site "Arco"]
[Date "2019.10.10"]
[Round "7"]
[White "Di Lazzaro, Gabriele"]
[Black "Bonini, Roberto"]
[Result "0-1"]
[WhiteElo "1861"]
[BlackElo "1743"]
[PlyCount "96"]
[EventDate "2019.10.04"]
[EventType "swiss"]
[EventRounds "9"]
[EventCountry "ITA"]
[SourceTitle "EXT 2020"]
[Source "ChessBase"]
[SourceDate "2019.10.17"]
[SourceVersion "1"]
[SourceVersionDate "2019.10.17"]
[SourceQuality "1"]

1. d4 Nf6 2. Bf4 g6 3. c4 Bg7 4. Nc3 0-0 5. e4 d6 6. Nf3 c5 7. d5 Nbd7 8. Qd2 Ng4 9. h3 Nge5 10. Bh6 Nxf3+ 11. gxf3 f5 12. Be2 Nf6 13. 0-0-0 Bxh6 14. Qxh6 Rf7 15. Bd3 f4 16. Ne2 Nh5 17. Rdg1 Rg7 18. Nxf4 Nxf4 19. Qxf4 e5 20. dxe6 Bxe6 21. h4 Qf8 22. Qe3 b5 23. Qe2 bxc4 24. Bxc4 Qf7 25. Bxe6 Qxe6 26. Kb1 Rb8 27. Rc1 Rgb7 28. b3 Rb4 29. Rc2 c4 30. Rb2 cxb3 31. a3 Ra4 32. Rc1 d5 33. Qd3 dxe4 34. fxe4 Rxe4 35. Rd2 a5 36. Rdd1 a4 37. Rc7 Re1 38. Kc1 b2+ 39. Kb1 Rxd1+ 40. Qxd1 Qe4+ 41. Rc2 Rc8 42. f3 Qf5 43. Qe2 h5 44. Qe4 Qxe4 45. fxe4 Rxc2 46. Kxc2 g5 47. hxg5 Kf7 48. e5 h4 0-1

[Event "Bad Wiessee Senioren Cup 8th"]
[Site "Bad Wiessee"]
[Date "2019.05.19"]
[Round "9"]
[White "Di Lazzaro, Gabriele"]
[Black "Lehnhoff, Heinz Georg"]
[Result "1-0"]
[WhiteElo "1850"]
[BlackElo "1949"]
[PlyCount "47"]
[EventDate "2019.05.11"]
[EventType "swiss"]
[EventRounds "9"]
[EventCountry "GER"]
[SourceTitle "EXT 2020"]
[Source "ChessBase"]
[SourceDate "2019.10.17"]
[SourceVersion "1"]
[SourceVersionDate "2019.10.17"]
[SourceQuality "1"]

1. d4 d5 2. Bf4 c5 3. e3 e6 4. c3 Nc6 5. Nd2 Nf6 6. Bd3 cxd4 7. exd4 Bd6 8. Bg3 a6 9. Ngf3 b5 10. a3 Bb7 11. Qe2 0-0 12. Ne5 Rc8 13. 0-0 Qe7 14. Bh4 Qd8 15. Rac1 Be7 16. Bg3 g6 17. Bf4 Nxe5 18. dxe5 Nh5 19. Bh6 Ng7 20. Nf3 Bc6 21. Rfe1 Bd7 22. Qe3 f5 23. exf6 Bc5 24. fxg7 1-0

[Event "Arco op-A 39th"]
[Site "Arco"]
[Date "2017.10.11"]
[Round "5"]
[White "Di Lazzaro, Gabriele"]
[Black "Bevilacqua, Maurizio"]
[Result "0-1"]
[WhiteElo "1914"]
[BlackElo "2093"]
[PlyCount "82"]
[EventDate "2017.10.07"]
[EventType "swiss"]
[EventRounds "9"]
[EventCountry "ITA"]
[SourceTitle "CBM 181 Extra"]
[Source "ChessBase"]
[SourceDate "2017.12.12"]
[SourceVersion "1"]
[SourceVersionDate "2017.12.12"]
[SourceQuality "1"]

1. d4 c5 2. Nf3 cxd4 3. Nxd4 d5 4. e3 e5 5. Bb5+ Bd7 6. Bxd7+ Qxd7 7. Nf3 Nc6 8. 0-0 Nf6 9. b3 Bc5 10. Bb2 Qe7 11. Nc3 Rd8 12. Ne2 0-0 13. Ng3 Qe6 14. h3 Rfe8 15. Qe2 e4 16. Nd4 Nxd4 17. Bxd4 Bxd4 18. exd4 g6 19. Rfe1 Rc8 20. Rac1 Rc3 21. Qd2 Rec8 22. Re3 R3c6 23. a4 Qd6 24. Re2 a6 25. Ree1 b5 26. axb5 axb5 27. Re3 h5 28. Ne2 h4 29. Rc3 Qb4 30. Rd3 Qa3 31. Re3 Qb2 32. Qa5 Rxc2 33. Rxc2 Rxc2 34. Qxb5 Rd2 35. g3 Kg7 36. gxh4 Nh5 37. Ng3 Rd1+ 38. Nf1 Qxd4 39. Kh2 Qa1 40. Kg1 Nf4 41. Rg3 Nd3 0-1

[Event "Bayern-chI Bank Hofmann 20th"]
[Site "Bad Wiessee"]
[Date "2016.10.29"]
[Round "1"]
[White "Di Lazzaro, Gabriele"]
[Black "Lalith, Babu MR"]
[Result "0-1"]
[WhiteElo "1960"]
[BlackElo "2586"]
[PlyCount "58"]
[EventDate "2016.10.29"]
[EventType "swiss"]
[EventRounds "9"]
[EventCountry "GER"]
[SourceTitle "CBM 175 Extra"]
[Source "ChessBase"]
[SourceDate "2016.12.12"]
[SourceVersion "1"]
[SourceVersionDate "2016.12.12"]
[SourceQuality "1"]

1. d4 Nf6 2. Nc3 d5 3. Bg5 Nbd7 4. Qd3 e6 5. e4 h6 6. Bh4 Be7 7. exd5 exd5 8. 0-0-0 0-0 9. Bxf6 Nxf6 10. Nf3 Bd6 11. h3 c6 12. Ne5 Qc7 13. f4 b5 14. g3 b4 15. Ne2 Ne4 16. Qf3 Re8 17. g4 f6 18. Nd3 Qa5 19. Kb1 b3 20. axb3 Nd2+ 21. Rxd2 Qxd2 22. Qg2 Ba6 23. Ndc1 Bxe2 24. Bxe2 Qxf4 25. Rd1 Re3 26. h4 Rae8 27. Rf1 Qxd4 28. Bd3 Re1 29. Bg6 Qd1 0-1

[Event "Arco op 38th"]
[Site "Arco"]
[Date "2016.10.12"]
[Round "5"]
[White "Schnitzspan, Lothar"]
[Black "Di Lazzaro, Gabriele"]
[Result "1-0"]
[WhiteElo "2298"]
[BlackElo "1960"]
[PlyCount "79"]
[EventDate "2016.10.08"]
[EventType "swiss"]
[EventRounds "9"]
[EventCountry "ITA"]
[SourceTitle "EXT 2017"]
[Source "ChessBase"]
[SourceDate "2016.10.25"]
[SourceVersion "1"]
[SourceVersionDate "2016.10.25"]
[SourceQuality "1"]

1. Nf3 d5 2. c4 d4 3. b4 g6 4. e3 dxe3 5. fxe3 Bg7 6. d4 Nf6 7. Bd3 0-0 8. 0-0 b6 9. Bb2 Bb7 10. Qe2 Na6 11. a3 c6 12. Nc3 Nc7 13. Rad1 Bh6 14. Ne4 Nce8 15. Ne5 Qc7 16. h4 Nxe4 17. Bxe4 Nd6 18. Bd3 Bc8 19. e4 f6 20. Ng4 Bxg4 21. Qxg4 Qc8 22. Qe2 Nf7 23. e5 Nd8 24. h5 f5 25. hxg6 hxg6 26. d5 e6 27. g4 Qd7 28. Rf2 Rf7 29. Rh2 Rh7 30. Rg2 Bg7 31. Bb1 Nf7 32. gxf5 gxf5 33. Rg6 cxd5 34. cxd5 Qb7 35. Qg2 Nh6 36. Rxe6 Ng4 37. Bxf5 Rh2 38. Qxg4 Rxb2 39. Qh5 b5 40. Bh7+ 1-0

[Event "Arco op 38th"]
[Site "Arco"]
[Date "2016.10.11"]
[Round "4"]
[White "Di Lazzaro, Gabriele"]
[Black "Voltolini, Giuseppe"]
[Result "1-0"]
[WhiteElo "1960"]
[BlackElo "2126"]
[PlyCount "85"]
[EventDate "2016.10.08"]
[EventType "swiss"]
[EventRounds "9"]
[EventCountry "ITA"]
[SourceTitle "EXT 2017"]
[Source "ChessBase"]
[SourceDate "2016.10.25"]
[SourceVersion "1"]
[SourceVersionDate "2016.10.25"]
[SourceQuality "1"]

1. d4 Nf6 2. Nc3 d5 3. Bg5 c5 4. e4 Nxe4 5. Nxe4 dxe4 6. dxc5 Qa5+ 7. Qd2 Qxc5 8. 0-0-0 Nc6 9. Be3 Qd6 10. Qc3 Qc7 11. Bc4 e6 12. Ne2 Bd7 13. a3 Ne5 14. Bb3 Qxc3 15. Nxc3 f5 16. h3 b6 17. Bf4 Ng6 18. Bd6 Bxd6 19. Rxd6 Ke7 20. Rhd1 Rhd8 21. g3 Nf8 22. h4 Be8 23. Rxd8 Rxd8 24. Rxd8 Kxd8 25. Kd2 Kc7 26. Ke3 Kd6 27. Ba4 Bxa4 28. Nxa4 Nd7 29. Nc3 a6 30. Kf4 Nf6 31. Ne2 h6 32. c4 g6 33. Nc3 Ng4 34. Nxe4+ Kd7 35. b4 h5 36. Nc3 Nxf2 37. Kg5 Kd6 38. Kxg6 Ne4 39. Ne2 Ke5 40. Kxh5 Nd6 41. c5 bxc5 42. bxc5 Ne4 43. Kg6 1-0

[Event "Bad Woerishofen Seniors op 32nd"]
[Site "Bad Woerishofen"]
[Date "2016.03.02"]
[Round "6"]
[White "Stokes, Paul C"]
[Black "Di Lazzaro, Gabriele"]
[Result "1/2-1/2"]
[WhiteElo "1850"]
[BlackElo "1970"]
[PlyCount "90"]
[EventDate "2016.02.26"]
[EventType "swiss"]
[EventRounds "9"]
[EventCountry "GER"]
[SourceTitle "EXT 2019"]
[Source "ChessBase"]
[SourceDate "2018.10.10"]
[SourceVersion "1"]
[SourceVersionDate "2018.10.10"]
[SourceQuality "1"]

1. d4 d5 2. c4 e6 3. Nf3 Nf6 4. g3 Bb4+ 5. Bd2 Bxd2+ 6. Nbxd2 0-0 7. Bg2 Nc6 8. 0-0 Re8 9. e3 e5 10. cxd5 Nxd5 11. Nxe5 Nxe5 12. dxe5 Be6 13. Nf3 Qe7 14. Nd4 Rad8 15. Qa4 a6 16. Rac1 c6 17. Rfd1 Bg4 18. Nxc6 bxc6 19. Qxg4 Qxe5 20. Qd4 Qb8 21. Bxd5 Rxd5 22. Qc3 Red8 23. Rxd5 cxd5 24. Qc7 Qa8 25. b4 h6 26. a4 Rb8 27. Qd7 Rd8 28. Qc7 Rb8 29. Qc5 Qb7 30. Rb1 Rc8 31. Qd4 Rc4 32. Qb2 Kh8 33. Qb3 Kg8 34. b5 a5 35. Qd1 Kf8 36. Rc1 Qc8 37. Rxc4 dxc4 38. Qd6+ Kg8 39. Qc6 Qg4 40. f3 Qf5 41. Qxc4 Qxf3 42. Qd4 Qe2 43. Qf4 Qe1+ 44. Kg2 Qe2+ 45. Kh3 Qh5+ 1/2-1/2

[Event "Bad Woerishofen Seniors op 32nd"]
[Site "Bad Woerishofen"]
[Date "2016.02.29"]
[Round "4"]
[White "Weinwurm, Wolfgang"]
[Black "Di Lazzaro, Gabriele"]
[Result "1-0"]
[WhiteElo "2185"]
[BlackElo "1970"]
[PlyCount "91"]
[EventDate "2016.02.26"]
[EventType "swiss"]
[EventRounds "9"]
[EventCountry "GER"]
[SourceTitle "EXT 2019"]
[Source "ChessBase"]
[SourceDate "2018.10.10"]
[SourceVersion "1"]
[SourceVersionDate "2018.10.10"]
[SourceQuality "1"]

1. e4 d5 2. exd5 Nf6 3. d4 Nxd5 4. Nf3 Bg4 5. h3 Bf5 6. Bd3 Bg6 7. 0-0 e6 8. Re1 Be7 9. c4 Bxd3 10. Qxd3 Nf6 11. Qb3 b6 12. Nc3 0-0 13. Bf4 c6 14. Rad1 Bd6 15. Ne5 Qc7 16. c5 Bxe5 17. Bxe5 Qb7 18. Ne4 Nxe4 19. Rxe4 Nd7 20. Bd6 Rfe8 21. Qg3 f5 22. Re2 Nf6 23. Qb3 Nd5 24. Rde1 Qd7 25. Qg3 b5 26. h4 a5 27. h5 h6 28. Qg6 Qf7 29. Rxe6 Qxg6 30. hxg6 Nf6 31. Rxe8+ Rxe8 32. Rxe8+ Nxe8 33. Be5 Kf8 34. Kf1 Ke7 35. Ke2 Nf6 36. g3 Ne8 37. Ke3 Ke6 38. Kf4 Nf6 39. Ke3 Nd5+ 40. Kd3 Nf6 41. Bxf6 Kxf6 42. d5 cxd5 43. Kd4 Ke6 44. f3 h5 45. f4 b4 46. b3 1-0

[Event "Bad Woerishofen Seniors op 32nd"]
[Site "Bad Woerishofen"]
[Date "2016.02.27"]
[Round "2"]
[White "Hohler, Peter"]
[Black "Di Lazzaro, Gabriele"]
[Result "1/2-1/2"]
[WhiteElo "2138"]
[BlackElo "1970"]
[PlyCount "52"]
[EventDate "2016.02.26"]
[EventType "swiss"]
[EventRounds "9"]
[EventCountry "GER"]
[SourceTitle "EXT 2019"]
[Source "ChessBase"]
[SourceDate "2018.10.10"]
[SourceVersion "1"]
[SourceVersionDate "2018.10.10"]
[SourceQuality "1"]

1. d4 d5 2. c4 e6 3. Nc3 c6 4. e3 Nf6 5. Nf3 Nbd7 6. Bd3 dxc4 7. Bxc4 Bb4 8. 0-0 0-0 9. Qe2 Qc7 10. e4 e5 11. dxe5 Nxe5 12. Bf4 Nxf3+ 13. Qxf3 Qa5 14. Rac1 Bg4 15. Qg3 Qh5 16. e5 Bxc3 17. Qxc3 Nd5 18. Bxd5 cxd5 19. Qd4 Be6 20. Rc7 b6 21. Rfc1 Qe2 22. h3 Qb5 23. Bd2 Rfc8 24. Kh2 Qa6 25. a3 Rxc7 26. Rxc7 Rc8 1/2-1/2

[Event "Arco op 37th"]
[Site "Arco"]
[Date "2015.10.17"]
[Round "8"]
[White "Rocchetti, Marco"]
[Black "Di Lazzaro, Gabriele"]
[Result "1/2-1/2"]
[WhiteElo "1836"]
[BlackElo "1970"]
[PlyCount "34"]
[EventDate "2015.10.10"]
[EventType "swiss"]
[EventRounds "9"]
[EventCountry "ITA"]
[SourceTitle "CBM 168 Extra"]
[Source "ChessBase"]
[SourceDate "2015.10.29"]
[SourceVersion "1"]
[SourceVersionDate "2015.10.29"]
[SourceQuality "1"]

1. d4 Nf6 2. Nf3 c5 3. e3 e6 4. c3 b6 5. Nbd2 Bb7 6. Bd3 Be7 7. 0-0 d6 8. b3 Nbd7 9. Bb2 0-0 10. Qe2 Rc8 11. e4 Nh5 12. g3 g6 13. Rfe1 Ng7 14. Rad1 Re8 15. Bb5 a6 16. Bd3 Bf8 17. Bb1 Be7 1/2-1/2

[Event "Arco op 37th"]
[Site "Arco"]
[Date "2015.10.13"]
[Round "4"]
[White "Gallucci, Alessio"]
[Black "Di Lazzaro, Gabriele"]
[Result "1-0"]
[WhiteElo "2133"]
[BlackElo "1970"]
[PlyCount "61"]
[EventDate "2015.10.10"]
[EventType "swiss"]
[EventRounds "9"]
[EventCountry "ITA"]
[SourceTitle "CBM 168 Extra"]
[Source "ChessBase"]
[SourceDate "2015.10.29"]
[SourceVersion "1"]
[SourceVersionDate "2015.10.29"]
[SourceQuality "1"]

1. e4 d5 2. Nc3 d4 3. Nce2 e5 4. d3 Nf6 5. g3 c5 6. Bg2 Nc6 7. f4 exf4 8. gxf4 Bg4 9. Nf3 Qd7 10. h3 Bxf3 11. Bxf3 h5 12. Ng3 g6 13. Qe2 0-0-0 14. Bd2 Bh6 15. Qg2 Kb8 16. 0-0-0 Rhg8 17. Rhg1 Qe6 18. Kb1 Qd7 19. Ne2 a6 20. Qh2 Ka7 21. Be1 Bf8 22. Bh4 Be7 23. Qh1 Nxe4 24. Bxe7 Nf2 25. Bxc5+ b6 26. Bxc6 Qc8 27. Qf3 Nxd1 28. Bxd4 Rd6 29. Ba4 Rgd8 30. Be5 Rd5 31. Rxd1 1-0